1990s Movie Taglines Quiz Stats

 Plays Quiz Updated Jun 15, 2018

Challenge
Share
Tweet
Embed
Score 0/20 Timer 06:00
20 Plays Today
% Correct
Forrest Gump
96.9%
Jurassic Park
95.7%
The Lion King
95.7%
Toy Story
95.4%
Reservoir Dogs
94.8%
Braveheart
94.6%
Terminator 2: Judgment Day
93.9%
Happy Gilmore
93.6%
Schindler's List
93.3%
The Silence of the Lambs
92.7%
% Correct
Pulp Fiction
92.5%
10 Things I Hate About You
90.6%
Friday
89%
Clueless
88.6%
Titanic
88.6%
The Matrix
86.2%
Good Will Hunting
81.7%
Se7en
76.4%
Fight Club
75.1%
The Big Lebowski
62.6%

You're not logged in!

Compare scores with friends on all Sporcle quizzes.
OR
Log In

You Might Also Like...

Show Comments

Extras

Top Quizzes Today


Score Distribution

Your Account Isn't Verified!

In order to create a playlist on Sporcle, you need to verify the email address you used during registration. Go to your Sporcle Settings to finish the process.

Report this User

Report this user for behavior that violates our Community Guidelines.

Details: